00905nam a2200217 a 450000100100000000500170001000800410002702000150006804000250008308200150010824501120012326000720023530000360030749000300034350000370037350000740041070000360048483000370052095201130055799900170067000004159220201002035645.0131011s1995 sp 000 0 spa d a8400074807 aDO-SdBNPbspacBNPHU axxxbL697g00aLibro de la generación y corrupción /cAvempace ; edición, traducción y estudio Josep Puig Montada. aMadrid :bConsejo Superior de Investigaciones Científicas,c1995. axxviii, 82, 112 pages ;c21 cm.1 aPensamiento islámicov4 aGlosario en español y árabe. aIncluye referencias bibliográficas y notas al pie de las páginas.12aPuig Montada, Josepetr.968078 0aPensamiento islámicon4968361 001050718MOaGRbGRcCTd2013-10-11iLF1l0oxxx L697gp41592-10r2020-06-25w2020-06-25y1ZNo se presta c41082d41082